Economic principles and urban problems
| Main Author: | |
|---|---|
| Other Authors: | |
| Format: | Book |
| Published: |
New Jersey :
Prentice Hall Incorporation ,
1974
|
| Subjects: |
MARC
| LEADER | 00000cam a2200000 7i4500 | ||
|---|---|---|---|
| 001 | 0000007603 | ||
| 005 | 20151119.0 | ||
| 020 | |a 013233452-6 | ||
| 040 | |a INS | ||
| 090 | 0 | 0 | |a HT321 |b B57 1974 |
| 100 | 0 | |a Bish Robert L | |
| 245 | 0 | 0 | |a Economic principles and urban problems |c Robert L. Bish and Robert J. Kirk |
| 260 | |a New Jersey : |b Prentice Hall Incorporation , |c 1974 | ||
| 300 | |a 199p. : |b 23 cm | ||
| 650 | 0 | 0 | |a Urban economics |
| 700 | 0 | |a Kirk, Robert J. | |
| 999 | |a 0000021997 |b BOOK |c Open Shelf |e Default branch | ||